书目信息 |
| 题名: |
会计学原理(新编)
|
|
| 作者: | 徐文彬 主编 | |
| 分册: | ||
| 出版信息: | 上海 立信会计出版社 |
|
| 页数: | ||
| 开本: | ||
| 丛书名: | ||
| 单 册: | ||
| 中图分类: | F23 | |
| 科图分类: | ||
| 主题词: | 会计 | |
| 电子资源: | ||
| ISBN: | 7-5429-0162-1 | |
| 000 | 00508nam0 2200181 450 | |
| 001 | 0656249093 | |
| 005 | 20061214154004.35 | |
| 010 | @a7-5429-0162-1@dCNY18.00 | |
| 100 | @a20061214d km y0chiy0120 ea | |
| 101 | 0 | @achi |
| 102 | @aCN@b310000 | |
| 200 | 1 | @a会计学原理(新编)@Akuai ji xue yuan li(xin bian)@f徐文彬主编@Fxu wen bin zhu bian |
| 210 | @a上海@c立信会计出版社 | |
| 606 | 0 | @a会计 |
| 690 | @aF23@v3 | |
| 701 | 0 | @a徐文彬@Axu wen bin@4主编 |
| 801 | 0 | @aCN@bNISOFT@c20061214 |
| 905 | @a10447@dF23@eX810 | |
| 会计学原理(新编)/徐文彬主编.-上海:立信会计出版社 |
| ISBN 7-5429-0162-1:CNY18.00 |
| ● |
| 相关链接 |
|
|
|
正题名:会计学原理(新编)
索取号:F23/X810
 
预约/预借
| 序号 | 登录号 | 条形码 | 馆藏地/架位号 | 状态 | 备注 |
| 1 | 444167 | 204441675 | 管理学院资料室/ [索取号:F23/X810] | 在馆 |